Abrégé de l'histoire de l'Ukraine

Bibliographic Details
Main Author: Hruševs'kyj, Mychajlo, 1866-1934 (Author)
Format: Book
Language:French
PhysicalDescription:253 s. 22 cm
Published: Paris [etc.] M. Giard [etc.] 1920
Subjects:

MARC

LEADER 00000nam a2200000 a 4500
001 vtls001335732
003 SK-MaSNL
005 20260301200528.0
008 251124s1920 fr b 0 fre
020 |c [150,00] 
035 |a SNK000288707 
040 |a SNK  |b slo  |c SNK  |e AACR2 
043 |a e-ur-un 
044 |a FR 
080 |a 947.7  |2 1981 
100 1 |a Hruševs'kyj, Mychajlo,  |d 1866-1934  |4 aut  |9 293812 
245 1 0 |a Abrégé de l'histoire de l'Ukraine  |c par Michel Hruchevsky 
260 |a Paris [etc.]  |b M. Giard [etc.]  |c 1920 
300 |a 253 s.  |c 22 cm 
651 7 |a Ukrajina  |2 SNK  |9 168045 
999 |c 890889  |d 892819 
952 |t P60, <04>, [BOOK], {604}  |a SNK  |b SNK  |y VYP  |7 0  |p 17A0141194  |o snkIC 127355  |i snkV 846/98  |0 0  |1 0  |4 0  |d 1998-06-30  |l 0  |r 2005-01-02 00:00:00  |w 2026-02-24